Νερό : κοινό αγαθό : η προστασία και η διαχείριση του νερού ως "κοινού αγαθού" : παραδείγματα ορθής διαχείρισης και ευρωπαϊκά δημοψηφίσματα διεκδίκησης του δημόσιου χαρακτήρα του

Αποθηκεύτηκε σε:
Λεπτομέρειες βιβλιογραφικής εγγραφής
Άλλοι συγγραφείς: Hachfeld, David
Μορφή: Βιβλίο
Γλώσσα:Greek
Δημοσίευση: Αθήνα : Ινστιτούτο Νίκος Πουλαντζάς ; Νήσος, 2013.
Θέματα:
Ετικέτες: Προσθήκη ετικέτας
Δεν υπάρχουν, Καταχωρήστε ετικέτα πρώτοι!

MARC

LEADER 00000cam a2200000 a 4500
001 1/122371
008 201203s2013####gr ao|||||||||||| ||gre||
020 |a 9789609535694 
040 |a GR-MyUa  |b gre  |c GR-MyUa  |e AACR2 
041 0 |a gre 
082 7 |a 333.91   |2 (23) 
245 0 0 |a Νερό :   |b κοινό αγαθό : η προστασία και η διαχείριση του νερού ως "κοινού αγαθού" : παραδείγματα ορθής διαχείρισης και ευρωπαϊκά δημοψηφίσματα διεκδίκησης του δημόσιου χαρακτήρα του /   |c D. Hachfeld ... [κ. ά.].  
260 |a Αθήνα :   |b Ινστιτούτο Νίκος Πουλαντζάς ;   |b Νήσος,   |c 2013.  
300 |a 82 σ. :   |b εικ. ;   |c 21 εκ.  
650 0 |a Water-supply. 
650 0 |a Water-supply  |x Economic aspects. 
650 0 |a Water quality management. 
700 1 |a Hachfeld, David. 
852 |a INST  |b LESVOS  |e 20201203  |h 333.91 ΝΕΡ  |p 005100062192  |q 005100062192  |t BK  |y 0 
920 |a Δωρεά Ινστιτούτο Νίκος Πουλαντζάς  |y Λέσβος  |z 2020-11 
970 |a Καμάτσου  |b Δέσποινα  |z 03-12-2020